Network structures: working differently and changing expectations (Record no. 61264)

000 -LEADER
fixed length control field 01214pab a2200157 454500
008 - FIXED-LENGTH DATA ELEMENTS--GENERAL INFORMATION
fixed length control field 180718b2004 xxu||||| |||| 00| 0 eng d
100 ## - MAIN ENTRY--PERSONAL NAME
Personal name Keast, Robyn et al.
245 ## - TITLE STATEMENT
Title Network structures: working differently and changing expectations
260 ## - PUBLICATION, DISTRIBUTION, ETC.
Date of publication, distribution, etc. 2004
300 ## - PHYSICAL DESCRIPTION
Extent p.363-71.
362 ## - DATES OF PUBLICATION AND/OR SEQUENTIAL DESIGNATION
Dates of publication and/or sequential designation May-Jun
520 ## - SUMMARY, ETC.
Summary, etc. There is a growing need for innovative methods of dealing with complex, social problems. New types of collaborative efforts have emerged as a result of the inability of more traditional bureaucratic hierarchical arrangements such as departmental programs to resolve these problems. Network structures are one such arrangement that is at the forefron of this movement. Although collaboration through network structures establishes an innovative response to dealing with social issues, there remains an expectations that outcomes and processes are based on traditional ways of working. It is necessary for practitioners and policy makers alike to begin to understand the realities of what can be expected from network structures in order to maximize the benefits of these unique mechanisms. - Reproduced.
650 ## - SUBJECT ADDED ENTRY--TOPICAL TERM
Topical term or geographic name entry element Social problems
773 ## - HOST ITEM ENTRY
Main entry heading Public Administration Review
909 ## -
-- 61264
Holdings
Withdrawn status Lost status Damaged status Not for loan Permanent Location Current Location Date acquired Serial Enumeration / chronology Barcode Date last seen Price effective from Koha item type
        Indian Institute of Public Administration Indian Institute of Public Administration 2018-07-19 Volume no: 64, Issue no: 3 AR61710 2018-07-19 2018-07-19 Articles

Powered by Koha